书目信息 |
| 题名: |
绿色有机化学实验
|
|
| 作者: | 贾瑛 , 许国根 , 张剑 编 | |
| 分册: | ||
| 出版信息: | 西安 西北工业大学出版社 2009.08 |
|
| 页数: | 104页 | |
| 开本: | 26cm | |
| 丛书名: | 高等学校教材 | |
| 单 册: | ||
| 中图分类: | O62 | |
| 科图分类: | ||
| 主题词: | 有机化学--you ji hua xue--无污染技术--化学实验 | |
| 电子资源: | ||
| ISBN: | 978-7-5612-2626-1 | |
| 000 | 01008nam0 2200289 450 | |
| 001 | 012010268894 | |
| 005 | 20100624162850.06 | |
| 010 | @a978-7-5612-2626-1@dCNY20.00 | |
| 100 | @a20100624d2009 em y0chiy0120 ea | |
| 101 | 0 | @achi |
| 102 | @aCN@b610000 | |
| 105 | @aa a 000yy | |
| 106 | @ar | |
| 200 | 1 | @a绿色有机化学实验@Alu se you ji hua xue shi yan@f贾瑛,许国根,张剑编@Fjia ying,xu guo gen,zhang jian bian |
| 210 | @a西安@c西北工业大学出版社@d2009.08 | |
| 215 | @a104页@c图@d26cm | |
| 225 | 2 | @a高等学校教材@Agao deng xue xiao jiao cai |
| 320 | @a有书目 (第104页) | |
| 330 | @a本书是根据少学时有机化学课程的教学计划及大纲编写的实验教材,编写中始终贯穿绿色化学的“无毒、低毒、低污染”的理念。 | |
| 410 | 0 | @12001 @a高等学校教材 |
| 606 | 0 | @a有机化学@Ayou ji hua xue@x无污染技术@x化学实验 |
| 690 | @aO62@v4 | |
| 701 | 0 | @a贾瑛@Ajia ying@4编 |
| 701 | 0 | @a许国根@Axu guo gen@4编 |
| 701 | 0 | @a张剑@Azhang jian@4编 |
| 801 | 0 | @aCN@bQSSK@c20100624 |
| 905 | @b783273-75@dO62@eJ252@f3 | |
| 绿色有机化学实验/贾瑛,许国根,张剑编.-西安:西北工业大学出版社,2009.08 |
| 104页:图;26cm.-(高等学校教材) |
| ISBN 978-7-5612-2626-1:CNY20.00 |
| 本书是根据少学时有机化学课程的教学计划及大纲编写的实验教材,编写中始终贯穿绿色化学的“无毒、低毒、低污染”的理念。 |
| ● |
| 相关链接 |
|
|
|
正题名:绿色有机化学实验
索取号:O62/J252
 
预约/预借
| 序号 | 登录号 | 条形码 | 馆藏地/架位号 | 状态 | 备注 |
| 1 | 783273 | 207832737 | 自科库401/401自科库 62排3列4层/ [索取号:O62/J252] | 在馆 | |
| 2 | 783274 | 207832746 | 自科库401/401自科库 62排3列4层/ [索取号:O62/J252] | 在馆 | |
| 3 | 783275 | 207832755 | 自科库401/401自科库 62排3列4层/ [索取号:O62/J252] | 在馆 |